| 000 | 00348 a2200145 4500 | ||
|---|---|---|---|
| 020 | _a972-0-06192-8 | ||
| 040 | _aISPLB | ||
| 082 |
_a72 _b72 |
||
| 100 |
_91197 _aObras Publicas |
||
| 245 | _aInstruè‡̀³s para o Calculo dos Honorarios | ||
| 260 |
_aLisboa, _bPorto Editora _c 1986. |
||
| 300 | _a73p | ||
| 650 | _aArquitectura | ||
| 942 | _cLivros | ||
| 999 |
_c2370 _d2370 |
||